| 000 | 00422nab a2200145Ia 4500 | ||
|---|---|---|---|
| 003 | ES-SlBCS | ||
| 005 | 20210601124307.0 | ||
| 008 | 140529s1977 xxu||||| |||| 00| 0 eng d | ||
| 041 | _aeng | ||
| 100 | 1 |
_aAbinun, Joseph _9139277 |
|
| 245 | 0 | 0 |
_aTeaching and Personal Relationhips _c Joseph Abinun |
| 650 | 0 | 4 |
_aEnseñanza _990452 |
| 773 | 0 |
_tEducational Theory _gvol. 27, nº. 4, 1977, págs. 297-303 _wRev1399 |
|
| 942 | _cAR | ||
| 999 |
_c512432 _d512432 |
||